Países con todas sus letras diferentes - Estadísticas

Estadísticas generales
  • Esta prueba ha sido intentada 354 veces
  • La puntuación promedio es 25 de 48
Estadísticas de respuestas
África % Correcto
Chile
83%
China
82%
México
76%
Perú
76%
Japón
75%
Brasil
72%
Rusia
69%
Bélgica
66%
Suecia
66%
Cuba
65%
Portugal
64%
Chad
62%
Túnez
61%
Omán
60%
Surinam
60%
Ecuador
59%
Egipto
59%
Mali
58%
Suiza
56%
Chipre
55%
Irak
55%
Irán
55%
Grecia
51%
Níger
50%
Tonga
50%
Bután
49%
Guinea
49%
Kenia
47%
Laos
47%
Nepal
47%
Serbia
47%
Estonia
46%
Noruega
46%
Honduras
45%
Israel
45%
Letonia
43%
Sudán
43%
Vietnam
42%
Baréin
41%
Gabón
41%
Líbano
40%
Brunéi
38%
Hungría
37%
Kuwait
37%
Camerún
33%
Singapur
27%
Uzbekistán
20%
Mozambique
14%
No se encontraron pruebas coincidentes
Distribución de puntuación
Porcentaje de gente con cada puntuación
Porcentaje por número respondido
Historial de tus puntuaciones
No has intentado esta prueba.